header

Democracy, dialogue, and community action (Record no. 48750)

MARC details
000 -LEADER
fixed length control field 02175nam a2200409 a 4500
082 04 - DEWEY DECIMAL CLASSIFICATION NUMBER
Classification number 305.8009756/62
100 1# - MAIN ENTRY--AUTHOR NAME
Personal name Jovanovic, Spoma,
245 10 - TITLE STATEMENT
Title Democracy, dialogue, and community action
260 ## - PUBLICATION, DISTRIBUTION, ETC. (IMPRINT)
Place of publication Fayetteville :
Name of publisher University of Arkansas Press,
Year of publication 2012.
300 ## - PHYSICAL DESCRIPTION
Number of Pages xv, 226 p.
505 0# - FORMATTED CONTENTS NOTE
Formatted contents note The Greensboro massacre, November 3, 1979 -- Grave consequences -- An unfolding history of social unrest -- Truth and reconciliation commissions seek healing, not vengeance -- The Greensboro's Truth and Reconciliation Commission : principles and processes -- The commission's final report : recovering the truth -- The public's response -- The politics of an apology -- Measures of success -- Greensboro's legacy is hidden no more.
650 #0 - SUBJECT ADDED ENTRY--TOPICAL TERM
Topical Term Truth commissions
Topical Term Reconciliation
Topical Term African Americans
Topical Term Massacres
Topical Term Nazis
856 40 - ELECTRONIC LOCATION AND ACCESS
Uniform Resource Identifier http://site.ebrary.com/lib/rucke/Doc?id=10639360

No items available.

© 2026 Rongo University
Contact us: librarian | system librarian | Rongo university